| 000 | 00431nam a2200181Ia 4500 | ||
|---|---|---|---|
| 001 | 23959 | ||
| 005 | 20260414151012.0 | ||
| 008 | 260414t1960||||xx |||||||||||||| ||spa|| | ||
| 041 | _aESP | ||
| 082 |
_a726.1 _bO624 |
||
| 100 |
_aOchsé, Madeleine _eAUT |
||
| 245 | 0 |
_aEl arte sagrado de nuestra época _b |
|
| 260 | _c1960 | ||
| 300 |
_a155 páginas : _c19 cm. |
||
| 650 | _aABD | ||
| 654 | _aCAU | ||
| 942 |
_cLIB _dJUS _fJUS _2ddc _n |
||
| 999 |
_c23959 _d23959 |
||